Music Quiz

Random Music or Album Quiz

ABBA Albums Quiz Stats

 Plays Quiz Updated Mar 13, 2020

     
Support Sporcle.
Go Orange.
Score 0/9 Timer 03:00
6 Plays Today
Year Album % Correct
1975ABBA
80.8%
1974Waterloo
73.5%
2021Voyage
71.6%
1976Arrival
58.8%
1979Voulez-Vous
54.3%
1980Super Trouper
53.6%
1981The Visitors
50.2%
1973Ring Ring
50.1%
1977ABBA - The Album
45.4%

From the Vault

Remove Ads.
Support Sporcle.
Get the best of Sporcle when you Go Orange. This ad-free experience offers more features, more stats, and more fun while also helping to support Sporcle. Thank you for becoming a member.

Show Comments

Extras

Top Quizzes Today


Score Distribution

Your Account Isn't Verified!

In order to create a playlist on Sporcle, you need to verify the email address you used during registration. Go to your Sporcle Settings to finish the process.

Report this User

Report this user for behavior that violates our Community Guidelines.

Details: